| Поле | Инд. | ПП | Название | Значение |
|---|---|---|---|---|
| Тип записи | a | |||
| Библиографический уровень | b | |||
| 001 | Контрольный номер | UNIDUBNAcc87860000774b00839546cead93b636 | ||
| 005 | Дата корректировки | 20241107173028.8 | ||
| 008 | Кодируемые данные | 20170331 | ||
| 040 | b | Код языка каталог. | rus | |
| e | Правила каталог. | PSBO | ||
| 041 | 0_ | a | Код языка текста | rus |
| 084 | a | Индекс другой классификации/Индекс ББК | 88.42-72-99; 88.9 | |
| 100 | 1_ | a | Автор | Григорьева Л. Н. |
| 245 | 10 | a | Заглавие | Мультлаборатория как средство социализации детей и подростков (из опыта работы санаторно-реабилитационного центра для несовершеннолетних) |
| 520 | 0_ | a | Аннотация | Целью проекта создания мультлаборатории стало развитие творческих способностей несовершеннолетних в процессе коммуникации, совместного созидательного творчества и социализации. |
| 650 | 14 | a | Основная рубрика | возрастная психология |
| a | Основная рубрика | практическая психология (прикладная психология) | ||
| a | Основная рубрика | психология | ||
| a | Основная рубрика | психология личности | ||
| 653 | 0_ | a | Ключевые слова | анимационное кино |
| a | Ключевые слова | анимация (мультипликация) | ||
| a | Ключевые слова | воображение | ||
| a | Ключевые слова | дети | ||
| a | Ключевые слова | коммуникации | ||
| a | Ключевые слова | моторика | ||
| a | Ключевые слова | мультипликационная лаборатория | ||
| a | Ключевые слова | подростки | ||
| a | Ключевые слова | психология деятельности | ||
| a | Ключевые слова | развитие личности ребенка | ||
| a | Ключевые слова | реабилитационные центры | ||
| a | Ключевые слова | самовыражение | ||
| a | Ключевые слова | самопознание | ||
| a | Ключевые слова | самосознание | ||
| a | Ключевые слова | совместная деятельность | ||
| a | Ключевые слова | социальная адаптация | ||
| a | Ключевые слова | социально-психологические факторы | ||
| a | Ключевые слова | социокультурная идентичность | ||
| a | Ключевые слова | творческая деятельность | ||
| a | Ключевые слова | творческие способности | ||
| 773 | 08 | t | Заглавие источника | Работник социальной службы |
| d | Дата издания источника | 2022 | ||
| g | Прочая информация | № 4. - С. 123 - 129 : рис., табл. | ||
| w | Контрольный № источника | UNIDUBNAacb01dadd13649c3845f6882e49ff180 | ||
| 901 | t | Тип документа | b |